000 01022nam a2200265Ia 4500
003 OSt
005 20221005105427.0
006 a|||||r|||| 00| 0
007 ta
008 221004b |||||||| |||| 00| 0 hin d
020 _a8186311572 (hbk)
_c100
024 _a100395
037 _b422, 25/03/2010, Swaraj Prakashan
_cTextual
040 _aCRL
_cCRL
_bhin
041 _2hin
_ahin
082 _aR3M3, 152N7;P9
100 _aसार्त्र, ज्यां पॉल
245 0 _aअस्तित्व और मानववाद
246 _aAstitva aur mānavavāda
260 _aनई दिल्ली
_bप्रकाशन संस्थान भारत
_c2009
300 _a79पृ0
_ccm.
700 _a पारख, जवरीमल्ल, अनु.
942 _hR3M3, 152N7;P9
_cTEXL
_2cc
999 _c1015780
_d1015780